|
|
|
|
| LEADER |
01006nam a2200229 i 4500 |
| 001 |
c000031462 |
| 003 |
CARM |
| 005 |
00000000000000.0 |
| 008 |
840313s1922 sp eng d |
| 019 |
1 |
|
|a 9705895
|z 27738010
|5 LACONCORD2021
|
| 035 |
|
|
|a (OCoLC)9335684
|5 LACONCORD2021
|
| 082 |
0 |
4 |
|a 531
|2 22
|
| 100 |
2 |
|
|a Levi-Civita, Tullio,
|d 1873-1941.
|
| 245 |
1 |
0 |
|a Questions de mecanica classica i relativista :
|b conferencies donades el gener de 1921 /
|c per T. Levi Civita.
|
| 260 |
|
|
|a Barcelona :
|b Institut d'Estudis Catalans, Palau de la Diputacio,
|c [1922].
|
| 300 |
|
|
|a 151 p. :
|b illus.
|
| 440 |
|
0 |
|a Institut d'Estudis Catalans, Barcelona. Publicacions. Colleccio de cursos de fisica i matematica ;
|v v. 5
|
| 650 |
|
0 |
|a Mechanics.
|
| 650 |
|
0 |
|a Relativity (Physics)
|
| 852 |
8 |
|
|b CARM
|h A2:AD18F0
|i C00646
|p 0033639
|f BK
|
| 999 |
f |
f |
|i efb8548e-183f-5174-8021-eec2459f0401
|s fc084be7-8bd3-5e8e-b672-7b2b8599dc77
|
| 952 |
f |
f |
|p Can circulate
|a CAVAL
|b CAVAL
|c CAVAL
|d CARM 1 Store
|e C00646
|f A2:AD18F0
|h Other scheme
|i book
|m 0033639
|